[Event "Idaho Open (Open)"]
[Site "Pocatello, ID"]
[Date "2011.04.17"]
[Round "4.1"]
[White "Niro III, Frank A"]
[Black "Manross, Sean"]
[Result "1-0"]
[WhiteElo "1700"]
[BlackElo "1906"]

1. e4 e6 2. d4 d5 3. Nc3 dxe4 4. Nxe4 Nd7 5. Nf3 Ngf6 6. Nxf6+ Nxf6 7. Bd3 Bd7
8. O-O c5 9. c3 Bc6 10. Ne5 Rc8 11. Nxc6 bxc6 12. Bf4 cxd4 13. Ba6 dxc3 14.
Bxc8 Qxc8 15. bxc3 Nd5 16. Qd4 Nxf4 17. Qxf4 Be7 18. Qd4 O-O 19. Qxa7 Bd6 20.
Rab1 h6 21. Rb7 Bb8 22. Qb6 Rd8 23. g3 Be5 24. c4 Rd2 25. Ra7 Rb2 26. Qa5 Bf6
27. Rd1 c5 28. Ra8 Rb8 29. Rxb8 Qxb8 30. Qxc5 Qb2 31. Qc8+ Kh7 32. Qa6 Qc2 33.
Rf1 h5 34. a4 h4 35. Qb5 Qg6 36. Qb1 hxg3 37. hxg3 Bd4 38. Qxg6+ Kxg6 39. Rb1
f5 40. a5 Kf6 41. a6 g5 42. Rb7 f4 43. gxf4 gxf4 44. a7 Bxa7 45. Rxa7 Ke5 46.
Rd7 {#r} 1-0

[Event "ICA Players Mem-Open"]
[Site "Boise, ID"]
[Date "2011.05.14"]
[Round "1.9"]
[White "Niro III, Frank A"]
[Black "Peterson, Rory Beckett"]
[Result "1-0"]
[WhiteElo "1700"]
[BlackElo "1304"]

1. e4 e5 2. Nf3 Nc6 3. Bb5 d6 4. c3 a6 5. Bxc6+ bxc6 6. d4 Bg4 7. dxe5 Bxf3 8.
Qxf3 dxe5 9. O-O Qf6 10. Nd2 Qxf3 11. Nxf3 Bd6 12. b3 Nf6 13. Bb2 O-O 14. Rfe1
Rfe8 15. c4 a5 16. c5 Bxc5 17. Nxe5 Bd6 18. Nxc6 Nxe4 19. Rad1 Bc5 20. Bd4
Bxd4 21. Rxd4 Nf6 22. Rxe8+ Rxe8 23. Kf1 g6 24. Nxa5 Ra8 25. Ra4 Nd5 26. Nc6
Nb6 27. Rxa8+ Nxa8 28. a4 Kf8 29. a5 Ke8 30. b4 f6 31. Ke2 Kd7 32. b5 Kd6 33.
Kd3 Kc5 34. Nd4 f5 35. Kc3 h6 36. h4 Kd5 37. Nb3 h5 38. Kb4 f4 39. f3 Kd6 40.
Kc4 c6 41. b6 Nc7 42. bxc7 Kxc7 43. Kc5 Kb7 44. Nd4 Ka6 45. Nxc6 Kb7 46. Kd5
Ka6 47. Ke5 Kb5 48. Kxf4 Kxc6 49. Kg5 {#r} 1-0

[Event "ICA Players Mem-Open"]
[Site "Boise, ID"]
[Date "2011.05.14"]
[Round "2.4"]
[White "Henderson, Michael"]
[Black "Niro III, Frank A"]
[Result "1/2-1/2"]
[WhiteElo "1865"]
[BlackElo "1700"]

1. e4 c5 2. Nf3 d6 3. c3 Nc6 4. d4 cxd4 5. cxd4 Bg4 6. d5 Bxf3 7. Qxf3 Ne5 8.
Bb5+ Nd7 9. O-O a6 10. Bxd7+ Qxd7 11. Nc3 Nf6 12. Bg5 h6 13. Bh4 Qg4 14. Qxg4
Nxg4 15. Rac1 g5 16. Bg3 b5 17. f4 Bg7 18. h3 Bd4+ 19. Kh1 gxf4 20. Bxf4 Nf2+
21. Kh2 Nd3 22. Rcd1 Bxc3 23. bxc3 Nxf4 24. Rxf4 Rc8 25. Rf3 O-O 26. a4 bxa4
27. Rd4 Rc5 28. Rxa4 Rfc8 29. Rxa6 Rxc3 30. Ra7 R3c7 31. Rxc7 Rxc7 32. Kg3 Kg7
33. Kf4 {#d} 1/2-1/2

[Event "ICA Players Mem-Open"]
[Site "Boise, ID"]
[Date "2011.05.15"]
[Round "4.3"]
[White "Niro III, Frank A"]
[Black "Douglas, Kurt P"]
[Result "0-1"]
[WhiteElo "1700"]
[BlackElo "1680"]

1. e4 c5 2. Nf3 d6 3. d4 cxd4 4. Nxd4 Nf6 5. Nc3 a6 6. Bg5 e6 7. f4 Be7 8. Qf3
Qc7 9. O-O-O O-O 10. g4 Nc6 11. Nxc6 bxc6 12. Bxf6 Bxf6 13. g5 Bxc3 14. Qxc3
d5 15. e5 c5 16. h4 Bb7 17. Rh2 Qb6 18. Qb3 Qxb3 19. axb3 a5 20. Bb5 Rfc8 21.
h5 Bc6 22. Bxc6 Rxc6 23. g6 fxg6 24. hxg6 h6 25. Kd2 c4 26. bxc4 Rxc4 27. Ke3
Re4+ 28. Kf3 Rf8 29. Rh4 Rxe5 30. Ra1 d4 31. Ra4 Rd5 32. Ke4 Rb8 33. b3 Rb4
34. Rxb4 axb4 35. Rh1 Kf8 36. Ra1 Ke7 37. Ra4 Rb5 38. Kxd4 Kf6 39. Kc4 Rf5 40.
Kxb4 Rxf4+ 41. Kc5 e5 42. Ra6+ Kg5 43. Kd5 Rf6 44. Rxf6 Kxf6 45. b4 h5 46. b5
h4 47. b6 h3 48. b7 h2 49. b8=Q h1=Q+ 50. Kc4 Qe4+ 51. Kb3 Qd5+ 52. Kb2 e4 53.
Qb6+ Kf5 54. Qf2+ Kxg6 55. Qg2+ Kf6 56. Qf2+ Qf5 57. Qb6+ Kg5 58. Qg1+ Qg4 59.
Qc5+ Kh4 60. Qe3 g5 61. c4 Qg2+ 62. Kc3 Qf3 63. Kd4 Qxe3+ 64. Kxe3 g4 65. Kxe4
g3 66. Kd5 g2 67. c5 g1=Q 68. c6 Qg8+ 69. Kd6 Qc8 70. c7 Kg5 71. Kc6 Kf6 72.
Kb6 Ke6 73. Ka7 Kd6 {#R} 0-1

[Event "ICA Players Mem-Open"]
[Site "Boise, ID"]
[Date "2011.05.15"]
[Round "5.5"]
[White "Haley, Joshua Yuu"]
[Black "Niro III, Frank A"]
[Result "0-1"]
[WhiteElo "1438"]
[BlackElo "1700"]

1. d4 f5 2. c4 Nf6 3. Nc3 d6 4. Bg5 Nbd7 5. d5 h6 6. Bd2 Nc5 7. e3 e5 8. dxe6
Bxe6 9. Nf3 Qd7 10. Qc2 Nce4 11. Rd1 c5 12. Bc1 Qf7 13. Nd5 Nxd5 14. cxd5 Bd7
15. Qb3 Rb8 16. Bb5 g5 17. Nd2 Nxd2 18. Rxd2 Bg7 19. Rd3 O-O 20. Bd2 a6 21.
Bxd7 Qxd7 22. Bc3 Rfc8 23. Bxg7 c4 24. Qd1 cxd3 25. Bxh6 Qe7 26. O-O g4 27.
Qxd3 Qe4 28. Qxe4 fxe4 29. f3 gxf3 30. gxf3 exf3 31. Rxf3 Rc2 32. Rg3+ Kf7 33.
Bf4 Rxb2 34. Bxd6 Rc8 35. Rf3+ Kg6 36. a3 Rc1+ 37. Rf1 Rxf1+ 38. Kxf1 Rd2 39.
e4 Rd4 40. Bc7 Rxe4 41. d6 Rd4 42. Ke2 Kf5 43. Ke3 Rd5 44. h4 Ke6 45. Ke4 Rh5
46. Kd4 Kd7 47. Kc4 Kc6 48. a4 Rxh4+ 49. Kb3 Rd4 50. a5 Rxd6 51. Bxd6 Kxd6 52.
Kb4 Kd5 53. Kb3 Kc5 54. Ka4 Kc4 55. Ka3 Kb5 56. Kb3 Kxa5 57. Ka3 Kb5 58. Kb3
Kc5 59. Ka3 Kc4 60. Kb2 Kb4 61. Ka2 Kc3 62. Ka3 b5 63. Ka2 b4 64. Kb1 Kb3 65.
Ka1 Ka3 66. Kb1 b3 67. Ka1 b2+ 68. Kb1 a5 69. Kc2 Ka2 70. Kc3 b1=Q 71. Kc4
Qb4+ 72. Kd3 Kb2 73. Ke3 a4 74. Kd3 a3 75. Ke2 a2 76. Kd3 a1=R 77. Ke2 Re1+
78. Kd3 Qd6+ 79. Kc4 Rc1+ 80. Kb5 Qb8+ 81. Ka4 Ra1# 0-1

[Event "Eastern Idaho Open (Open)"]
[Site "Pocatello, ID"]
[Date "2011.09.24"]
[Round "2.4"]
[White "Niro III, Frank A"]
[Black "Owen, Gary"]
[Result "1/2-1/2"]
[WhiteElo "1700"]
[BlackElo "1601"]

1. e4 e5 2. Nf3 Nf6 3. Nc3 Bb4 4. Nxe5 Bxc3 5. bxc3 O-O 6. d3 d5 7. Bg5 dxe4
8. d4 h6 9. Bh4 Bf5 10. Bc4 Qd6 11. Bxf6 Qxf6 12. O-O Nd7 13. f4 exf3 14. Qxf3
Be6 15. Qxb7 Qg5 16. Bxe6 Nxe5 17. dxe5 fxe6 18. Rxf8+ Rxf8 19. Qxc7 Qe3+ 20.
Kh1 Qf2 21. Qc4 Qf5 22. Qe2 Qf2 23. Qe4 Kh8 24. Qd3 Qf4 25. Re1 Qf2 26. Qd1
Qf4 27. h3 Qg3 28. Rf1 Rxf1+ 29. Qxf1 Qxe5 30. Qf8+ Kh7 31. Qb4 Qe1+ 32. Kh2
Qe5+ 33. Kh1 Qe1+ 34. Kh2 {#d} 1/2-1/2

[Event "Eastern Idaho Open (Open)"]
[Site "Pocatello, ID"]
[Date "2011.09.24"]
[Round "3.5"]
[White "Asay, Adam"]
[Black "Niro III, Frank A"]
[Result "1-0"]
[WhiteElo "1305"]
[BlackElo "1700"]

1. c4 f5 2. Nc3 Nf6 3. g3 g6 4. Nf3 Bg7 5. Bg2 d6 6. d4 c6 7. O-O O-O 8. Re1
Nh5 9. d5 e5 10. dxe6 Bxe6 11. Bg5 Bf6 12. Bh6 Bxc3 13. bxc3 Re8 14. Qd3 Na6
15. Ng5 Nc5 16. Qd4 Qe7 17. e4 f4 18. Nh3 Bxh3 19. Bxh3 fxg3 20. hxg3 Qe5 21.
Bg2 Ne6 22. Qe3 Nf6 23. Bf4 Nxf4 24. gxf4 Qe6 25. c5 d5 26. e5 Nh5 27. Bh3 Qf7
28. f5 gxf5 29. f4 Re6 30. Kf2 Kh8 31. Rh1 Rg8 32. Rag1 Rxg1 33. Rxg1 Ng7 34.
Qg3 Rg6 35. Qh4 Rxg1 36. Kxg1 Ne6 37. Kf2 Qf8 38. Kf3 Nxc5 39. Qh5 Qg8 40.
Bxf5 Ne6 41. Bd3 Ng7 42. Qg5 Qe8 43. Qf6 Qh5+ 44. Ke3 Qh3+ 45. Kd2 Qg2+ 46.
Be2 h5 47. e6 Qe4 48. e7 Qe6 49. Qf8+ Kh7 50. Bxh5 {#r} 1-0

[Event "Meridian Invitational"]
[Site "Meridian, ID"]
[Date "2012.06.23"]
[Round "1.3"]
[White "Myers, Hugh S"]
[Black "Niro III, Frank A"]
[Result "1/2-1/2"]
[WhiteElo "1520"]
[BlackElo "1700"]

1. e4 c5 2. d3 g6 3. c4 Bg7 4. Nc3 Nc6 5. f4 e6 6. Nf3 Nge7 7. Be2 d5 8. e5
dxc4 9. dxc4 O-O 10. O-O Nf5 11. Qxd8 Rxd8 12. Rd1 Ncd4 13. Kf2 b6 14. g4 Nh6
15. h3 Ba6 16. Be3 Nxe2 17. Nxe2 Bxc4 18. b3 Bd5 19. Nc3 Kf8 20. Nb5 Ke7 21.
Rd2 Bxf3 22. Kxf3 Rxd2 23. Bxd2 a6 24. Nc3 b5 25. Ne4 Rc8 26. Be3 c4 27. bxc4
Rxc4 28. Bc5+ Kd8 29. Bb6+ Ke7 30. Bc5+ Kd8 {#d} 1/2-1/2

[Event "Meridian Invitational"]
[Site "Meridian, ID"]
[Date "2012.06.23"]
[Round "2.3"]
[White "Patterson, Kevin R"]
[Black "Niro III, Frank A"]
[Result "0-1"]
[WhiteElo "1222"]
[BlackElo "1700"]

1. e4 c5 2. Nf3 d6 3. d4 cxd4 4. c3 Nf6 5. e5 dxe5 6. Nxe5 Qb6 7. Qxd4 Qxd4 8.
cxd4 g6 9. Nc3 a6 10. Bc4 Be6 11. Bxe6 fxe6 12. O-O Bg7 13. Bg5 Nbd7 14. Nf3
Nd5 15. a3 Rc8 16. Rac1 Nxc3 17. Rxc3 Rxc3 18. bxc3 Bf6 19. Bh6 Kf7 20. Rc1
Rg8 21. Bd2 Rc8 22. h4 Nb6 23. g4 Nc4 24. g5 Nxd2 25. Nxd2 Bxd4 26. Ne4 Ba7
27. Rd1 Rc4 28. Ng3 Rxc3 29. Rd7 Rxg3+ 30. Kf1 Rb3 31. Kg2 Bc5 32. Rd2 Bd6 33.
f3 Rxa3 34. Rf2 b5 35. f4 b4 {#R} 0-1

[Event "Meridian Invitational"]
[Site "Meridian, ID"]
[Date "2012.06.23"]
[Round "4.3"]
[White "Niro III, Frank A"]
[Black "Puderbaugh, Kory"]
[Result "1-0"]
[WhiteElo "1700"]
[BlackElo "1232"]

1. e4 e6 2. d4 d5 3. Nc3 Bb4 4. e5 c5 5. Bd2 Ne7 6. Nb5 Bxd2+ 7. Qxd2 cxd4 8.
Nd6+ Kf8 9. Nf3 b6 10. Qf4 Nf5 {#r} 1-0

[Event "WRW Progressive"]
[Site "Hailey, ID"]
[Date "2012.10.06"]
[Round "1.5"]
[White "Niro III, Frank A"]
[Black "Reidy, Matthew Carl"]
[Result "1-0"]
[WhiteElo "1700"]
[BlackElo "562"]

{Game/30;d5} 1. e4 e5 2. Nf3 d6 3. d4 b6 4. dxe5 dxe5 5. Qxd8+ Kxd8 6. Nxe5
Bd6 7. Nxf7+ Ke8 8. Bc4 Nf6 9. Nxh8 h6 10. Nf7 Bc5 11. O-O Bd7 12. Bf4 c6 13.
Nd2 b5 14. Bb3 a5 15. a3 b4 16. axb4 Bxb4 17. c3 Na6 18. cxb4 Nxb4 19. Nd6+
Ke7 20. Nf5+ Kf8 21. Bd6+ Ke8 22. Bxb4 Nxe4 23. Nxg7+ Kd8 24. Nxe4 Kc7 25.
Bxa5+ Rxa5 26. Rxa5 Kb6 27. Rfa1 h5 28. Ra6+ Kc7 29. Bc4 Bc8 30. Ra7+ Kb8 31.
Nd6 c5 32. Nge8 h4 33. Ra8# 1-0

[Event "WRW Progressive"]
[Site "Hailey, ID"]
[Date "2012.10.06"]
[Round "2.1"]
[White "Mayers, Dan E"]
[Black "Niro III, Frank A"]
[Result "1-0"]
[WhiteElo "1841"]
[BlackElo "1700"]

{Game/45;d5} 1. e4 c5 2. d4 cxd4 3. c3 dxc3 4. Nxc3 Nc6 5. Bc4 e6 6. Nf3 a6 7.
a4 Bb4 8. O-O Bxc3 9. bxc3 Nge7 10. Ba3 O-O 11. Qd6 Re8 12. Rfd1 Ng6 13. e5
Qa5 14. Bb4 Nxb4 15. cxb4 Qd8 16. Bd3 Qe7 17. Qd4 Rd8 18. Be4 Rb8 19. Qa7 {#r}
1-0

[Event "National Chess Day"]
[Site "Boise, ID"]
[Date "2012.10.13"]
[Round "7.2"]
[White "Buus, Jarod N"]
[Black "Niro III, Frank A"]
[Result "0-1"]
[WhiteElo "1109"]
[BlackElo "1734"]

1. e4 c5 2. f4 d5 3. exd5 Qxd5 4. Nc3 Qd8 5. Nf3 Nf6 6. Bc4 e6 7. O-O Nc6 8.
Re1 Be7 9. a3 Nd4 10. Ne4 Nxf3+ 11. Qxf3 Qd4+ 12. Kh1 Qxc4 13. Nxf6+ Bxf6 14.
c3 O-O 15. d3 Qd5 16. Qg3 b6 17. Bd2 Bb7 18. Rg1 Rad8 19. d4 cxd4 20. Rad1 Qc6
21. Qg4 dxc3 22. bxc3 Bxc3 23. Bxc3 Qxc3 24. Rc1 Qa5 25. h4 Rd2 26. Kh2 Rfd8
27. h5 Qf5 28. Qh4 Qe4 29. Qg5 h6 30. Qg3 R8d5 31. Rh1 Rxh5+ 32. Kg1 Rxg2+
{#R} 0-1

[Event "National Chess Day"]
[Site "Boise, ID"]
[Date "2012.10.13"]
[Round "8.1"]
[White "Niro III, Frank A"]
[Black "Gorman, Cody Austin"]
[Result "0-1"]
[WhiteElo "1734"]
[BlackElo "1635"]

1. e4 b6 2. d4 e6 3. Bd3 Bb7 4. Nf3 c5 5. c4 cxd4 6. Nxd4 Qh4 7. g3 Qf6 8. Be3
Bc5 9. Bc2 Nc6 10. Nb5 Bxe3 11. Nd6+ Ke7 12. fxe3 Qxb2 13. Nxb7 Qxa1 14. Qd6+
Ke8 15. Qf4 Qe5 16. Nd6+ Ke7 17. Qxf7+ Kxd6 18. O-O Rd8 19. Na3 a6 20. c5+
Qxc5 21. Qf4+ e5 22. Qg5 Qxa3 23. Qxg7 Qxe3+ 24. Kh1 Nge7 {#R} 0-1

[Event "WIO (Open)"]
[Site "Boise, ID"]
[Date "2012.12.08"]
[Round "1.10"]
[White "Niro III, Frank A"]
[Black "Blake, Lloyd"]
[Result "1-0"]
[WhiteElo "1700"]
[BlackElo "996"]

1. e4 e5 2. Nf3 Nf6 3. Nc3 d6 4. d4 Nc6 5. dxe5 dxe5 6. Qxd8+ Nxd8 7. Nxe5 Bb4
8. Bd3 Ne6 9. Bd2 Nd4 10. O-O O-O 11. Rad1 Be6 12. Rfe1 Bd6 13. Nc4 Bb4 14.
Ne3 a5 15. a3 Bxc3 16. Bxc3 Rfd8 17. Bxd4 Rxd4 18. e5 Ng4 19. Bxh7+ Kxh7 20.
Rxd4 Nxe5 21. Nd5 Bxd5 22. Rxe5 c6 23. c4 Be6 24. f4 b5 25. cxb5 cxb5 26. Rh5+
Kg8 27. f5 Bb3 28. Rdh4 {#r} 1-0

[Event "WIO (Open)"]
[Site "Boise, ID"]
[Date "2012.12.08"]
[Round "2.1"]
[White "Yermolinsky, Alex"]
[Black "Niro III, Frank A"]
[Result "1-0"]
[WhiteElo "2541"]
[BlackElo "1700"]

1. d4 f5 2. Nc3 Nf6 3. Bg5 d5 4. Bxf6 exf6 5. e3 c6 6. Bd3 Bd6 7. h3 Qc7 8.
Qf3 g6 9. g4 f4 10. e4 dxe4 11. Nxe4 Kf7 12. Ne2 Be6 13. Nxd6+ Qxd6 14. Nxf4
Qxd4 15. O-O-O {#r} 1-0

[Event "WIO (Open)"]
[Site "Boise, ID"]
[Date "2012.12.08"]
[Round "3.6"]
[White "Myers, Hugh S"]
[Black "Niro III, Frank A"]
[Result "0-1"]
[WhiteElo "1500"]
[BlackElo "1700"]

1. e4 c5 2. d3 g6 3. Nc3 e6 4. f4 Bg7 5. Bd2 Nc6 6. Nf3 a6 7. Be2 Nd4 8. O-O
Ne7 9. Rb1 Nec6 10. e5 d5 11. exd6 f5 12. Na4 Qxd6 13. Nb6 Nxe2+ 14. Qxe2 Nd4
15. Qd1 Nxf3+ {#R} 0-1

[Event "WIO (Open)"]
[Site "Boise, ID"]
[Date "2012.12.09"]
[Round "4.5"]
[White "Niro III, Frank A"]
[Black "Olsoy, Peter John"]
[Result "0-1"]
[WhiteElo "1700"]
[BlackElo "1694"]

1. e4 c5 2. Nf3 d6 3. d4 cxd4 4. Nxd4 Nf6 5. Nc3 g6 6. Be3 Bg7 7. f3 O-O 8.
Qd2 Nc6 9. Bc4 Bd7 10. O-O-O Nxd4 11. Bxd4 Qc7 12. Bb3 Bc6 13. Kb1 a5 14. Ba4
Rfb8 15. Nb5 Qd7 16. c4 Rc8 17. g4 Nxe4 18. fxe4 Bxe4+ 19. Ka1 Bxh1 20. Bxg7
Kxg7 21. Qc3+ Kg8 22. Rxh1 Qxg4 23. b3 d5 24. Qe5 Qe4 25. Qxd5 Qxd5 26. cxd5
Rc5 27. d6 exd6 28. Nxd6 b6 29. Rf1 f5 30. b4 axb4 31. Bb3+ Kg7 32. Re1 Rc3
33. Kb2 Rh3 34. Re2 Ra7 35. Ne8+ Kh6 36. Nf6 Kg5 37. Nd5 Rd7 38. Rg2+ Kh6 39.
Nxb6 Rd4 40. Nc4 Rg4 41. Rd2 Rg1 42. Ne5 Rh1 43. Nf7+ Kg7 44. Ng5 R3xh2 45.
Rxh2 Rxh2+ 46. Kc1 h6 47. Ne6+ Kf6 48. Kd1 g5 49. Ke1 f4 50. Nd4 g4 51. Nc6 f3
52. Nxb4 g3 53. Bd5 Rh1+ 54. Kd2 Rf1 55. Bxf3 Rxf3 56. Nd5+ Kg5 57. Ne3 Rxe3
58. Kxe3 Kh4 59. Kf3 Kh3 {#R} 0-1

[Event "Meridian Invitational"]
[Site "Meridian, ID"]
[Date "2013.04.20"]
[Round "3"]
[White "Lang, Jamie"]
[Black "Niro III, Frank A"]
[Result "1-0"]
[WhiteElo "1350"]
[BlackElo "1700"]
[EventRounds "4"]
[EventCountry "USA"]

{Game/30; d5} 1. e4 c5 2. Nf3 d6 3. d4 cxd4 4. Nxd4 Nf6 5. Nc3 a6 6. Be2 e6 7.
O-O Be7 8. Be3 O-O 9. Qd2 Qc7 10. Bg5 Qa5 11. a3 Nbd7 12. b4 Qd8 13. Rfe1 b5
14. Bf3 Bb7 15. e5 Nd5 16. Bxe7 Qxe7 17. Nxd5 Bxd5 18. Bxd5 exd5 19. Nf5 Qd8
20. Nxd6 Nxe5 21. Qxd5 Nc4 22. Rad1 Ra7 23. Nxc4 Qxd5 24. Rxd5 bxc4 25. Rc5
Rd7 26. Rxc4 g6 27. Rc6 Rfd8 28. Rxa6 Rd2 29. Rc6 Ra8 30. Rc3 Ra4 31. g3 Kf8
32. b5 Ra5 33. Rb1 Rd7 34. b6 Rb7 35. Rc7 {#r} 1-0